Представление документа в формате MARC21

Поле Инд. ПП Название Значение
Тип записи a
Библиографический уровень m
001 Контрольный номер 1d78a021d3bc4c6ab18b7c870940f058
005 Дата корректировки 20251212112241.6
020 a ISBN 978-5-534-18527-0
097 b Оператор *Ж*
097 b Оператор *Фа*
100 1_ a Автор Мокий М.С.
245 10 a Заглавие Методология научных исследований
b Продолж. заглавия учебник для вузов
b Продолж. заглавия в составе учебно-методического комплекса
c Ответственность под редакцией М.С. Мокия
250 a Основные сведения об издании 3-е изд.
b Дополнительные сведения об издании перераб. и доп.
260 a Место издания Москва
b Издательство Юрайт
c Дата издания 2025
440 _0 a Серия Высшее образование
440 _0 a Серия УМК-У
516 8_ a Прим. о типе комп. файла/ данных Текст : электронный
a Прим. о типе комп. файла/ данных Режим доступа: по подписке
a Прим. о типе комп. файла/ данных Дата обращения: 07.07.2022
520 0_ a Аннотация Цель учебника — ознакомить учащихся с языком науки и особенностями такого вида деятельности, как поиск новых знаний, а также сформировать у начинающих исследователей ясное понимание того, с какими проблемами сталкиваются ученые в процессе научных исследований. Учебник предназначен для обучающихся в магистратуре и аспирантуре, прежде всего экономического профиля. Однако рассматриваемые в учебнике методологические проблемы, методы, процедуры и уровни научных исследований имеют общенаучный характер, поэтому ничто не мешает пользоваться учебником студентам, магистрантам и аспирантам всех специальностей. Содержание учебника соответствует Федеральному государственному образовательному стандарту высшего образования и методическим требованиям, предъявляемым к учебным изданиям.
535 1_ a Хранилище Образовательная платформа Юрайт
583 a Действие Приписка : УМК
653 0_ a Ключевые слова Методология исследований
a Ключевые слова Научные исследования
a Ключевые слова Трансдисциплинарные методы
a Ключевые слова Логика
a Ключевые слова Экономические исследования
655 a Жанр/ форма (устаревшее) У
700 12 a Другие авторы Никифоров А.Л.
700 1_ a Другие авторы Мокий В.С.
773 18 w Контрольный № источника 116815
w Контрольный № источника 115524
856 40 u URL https://urait.ru/bcode/560221 
901 t Тип документа m
905 a Дата создания записи 11.08.20
c Дата приписки 22.02.23
c Дата приписки 12.12.25
940 d Организация научных исследований
952 g 1
b Гриф литературы для ВШ Гриф УМО
a Тип литературы для КСУ ВШ У1
952 e Факультет *ФУСК*
990 j Количество экземпляров (DOS) 1
c Приоритет заказа (DOS) о
g Размещение заказа (DOS) ЭБС Юрайт
a Автор заказа (DOS) МЕН
b Заказано (DOS) 10